Loading...
Science - Physics | 3 | 3 | 0 | 0 | 75 | 59 | 71.17 | 3 | 5 |
Philosophy | 0 | 5 | 0 | 2 | 50 | 77 | 109.40 | 1 | 5 |
Science - Other Science | 1 | 4 | 1 | 1 | 50 | 71 | 98.40 | 3 | 5 |
Science - Biology | 0 | 5 | 0 | 0 | 50 | 82 | 92.80 | 1 | 5 |
Science - Chemistry | 0 | 5 | 1 | 1 | 45 | 61 | 90.00 | 2 | 5 |
Social Science | 1 | 0 | 0 | 0 | 15 | 79 | 79.00 | 1 | 1 |
Mythology | 0 | 1 | 0 | 1 | 10 | 137 | 137.00 | 0 | 0 |
Religion | 0 | 1 | 0 | 1 | 10 | 150 | 150.00 | 0 | 0 |
Literature - American Literature | 0 | 1 | 0 | 0 | 10 | 93 | 93.00 | 0 | 1 |
History - Other History | 0 | 1 | 0 | 0 | 10 | 106 | 106.00 | 0 | 1 |
History - European History | 0 | 1 | 0 | 0 | 10 | 124 | 124.00 | 0 | 0 |
History - American History | 0 | 1 | 0 | 0 | 10 | 86 | 86.00 | 0 | 1 |
Fine Arts - Visual Fine Arts | 0 | 1 | 0 | 1 | 10 | 140 | 140.00 | 0 | 1 |